000 00432nab a2200145Ia 4500
003 ES-SlBCS
005 20210601131742.0
008 140529s1932 xxu||||| |||| 00| 0 fre d
041 _afre
100 1 _aDévaud, Eugène
_918631
245 0 0 _aLa pédagogie bolchevique
_c Eugène Dévaud
650 0 4 _aPedagogía Bolchevique
_9188574
773 0 _tVie Intelectuelle (La)
_gvol. 17, nº. 2, 1932, págs. 265-292
_wRev907
942 _cAR
999 _c568181
_d568181